000 00802nam a22002177a 4500
999 _c16032
_d16032
003 AR-CdUCM
008 190430b ||||| |||| 00| 0 spa d
020 _a84-323-0267-8
040 _aMUNICIPALIDAD PROVINCIAL DEL CUSCO
_cBIBLIOTECA MUNICIPAL DEL CUSCO
082 _22ed.
_a340.1 /
_bS82
100 _aStoyanovitch, Konstantin
_935305
245 _aEl pensamiento Marxista y el derecho /
260 _aMéxico :
_bSiglo XXI,
_c1981.
300 _a219 páginas ;
_c19 cm.
505 _aContenido : El fenómeno jurídico y su explicación Marxista -- La voluntad de la clase dominante: Fuente formal de derecho -- Propiedades esenciales del derecho ...
650 _aMarxismo
_924
650 _aDerecho
_9739
650 _aJurídica
_922814
942 _2ddc
_cLIBROS
945 _arah
_d30/04/2019